000 00307nam a2200133 i 4500
001 bg
100 1 _aWAWRZYNIAK, Józef
245 0 _aRewolucja i demokracja /
_cJ. Wawrzyniak.
260 _aWarszawa,
_c1986.
040 _cBPK
041 _apol
942 _cKS
008 s pl f |000 0 pol
999 _c28393
_d28393
856 _uhttp://koha.tu.koszalin.pl/cgi-bin/koha/opac-detail.pl?biblionumber=28393
_yKatalog online BPK